[Event "Mestre Cipressina op-B 5th"]
[Site "Mestre"]
[Date "2016.11.25"]
[Round "1"]
[White "Tencheni, Maurizio"]
[Black "Pomponio, Stefano"]
[Result "1-0"]
[WhiteElo "1672"]
[BlackElo "1423"]
[PlyCount "119"]
[EventDate "2016.11.25"]
[EventType "swiss"]
[EventRounds "5"]
[EventCountry "ITA"]
[SourceTitle "EXT 2022"]
[Source "ChessBase"]
[SourceDate "2021.10.06"]
[SourceVersion "1"]
[SourceVersionDate "2021.10.06"]
[SourceQuality "1"]

1. c4 e5 2. e3 Nf6 3. b3 Nc6 4. Bb2 a5 5. a3 Bc5 6. Qc2 d5 7. cxd5 Qxd5 8. Nc3 Qd8 9. Bb5 Bd7 10. Nf3 Qe7 11. Na4 Bd6 12. 0-0 Nb8 13. Nc3 0-0 14. Be2 c6 15. d3 Bg4 16. h3 Bh5 17. Rfe1 Qc7 18. Rac1 Nbd7 19. Nb5 Qb8 20. Nxd6 Qxd6 21. Nd2 Bxe2 22. Rxe2 Nb6 23. d4 Nfd7 24. Ne4 Qe7 25. Nc5 Nxc5 26. Qxc5 Qxc5 27. Rxc5 Nd7 28. Rc1 e4 29. Rd2 Nf6 30. Rc5 Nd5 31. Bc1 Rfc8 32. Rdc2 Ra6 33. Rxd5 Re8 34. Rdc5 f6 35. Bd2 a4 36. b4 Re6 37. b5 Rb6 38. Ba5 Rxb5 39. Rxb5 cxb5 40. Rc8+ Kf7 41. Rc7+ Re7 42. Rc5 Re6 43. Rxb5 Re7 44. Bb6 Ke6 45. Rb4 Rd7 46. Rxa4 Rd6 47. Rb4 Rc6 48. Bc5 Rc7 49. a4 Kd5 50. a5 f5 51. Kh2 g5 52. Rb6 Rf7 53. Rd6+ Kc4 54. Bb6 f4 55. Rd8 Kd3 56. d5 Ke2 57. exf4 gxf4 58. d6 e3 59. fxe3 fxe3 60. Re8 1-0

[Event "Mestre Cipressina op-B 4th"]
[Site "Mestre"]
[Date "2015.11.29"]
[Round "4"]
[White "Pomponio, Stefano"]
[Black "Poli, Diego"]
[Result "0-1"]
[WhiteElo "1465"]
[BlackElo "1714"]
[PlyCount "84"]
[EventDate "2015.11.27"]
[EventType "swiss"]
[EventRounds "5"]
[EventCountry "ITA"]
[SourceTitle "EXT 2022"]
[Source "ChessBase"]
[SourceDate "2021.10.06"]
[SourceVersion "1"]
[SourceVersionDate "2021.10.06"]
[SourceQuality "1"]

1. d4 d5 2. Nf3 e6 3. Nc3 c6 4. e4 dxe4 5. Nxe4 h6 6. c3 Be7 7. Bc4 Nf6 8. Qe2 0-0 9. 0-0 Nxe4 10. Qxe4 Nd7 11. Qg4 Nf6 12. Qg3 Ne4 13. Qf4 Nd6 14. Bd3 g5 15. Qe3 f5 16. Ne5 Kg7 17. g3 Rh8 18. f3 Nf7 19. h3 Nxe5 20. Qxe5+ Bf6 21. Qc5 Qc7 22. f4 b6 23. Qc4 a5 24. Qb3 b5 25. Bd2 Qd6 26. Rf3 a4 27. Qc2 Re8 28. Re1 Bd7 29. fxg5 hxg5 30. Kg2 Re7 31. Ref1 Rf8 32. g4 Ref7 33. gxf5 exf5 34. Bxf5 Bxf5 35. Rxf5 g4 36. Bf4 gxh3+ 37. Kxh3 Rh8+ 38. Kg2 Qe6 39. b3 Kf8 40. Bg3 Rh6 41. bxa4 bxa4 42. Re1 Qd7 0-1

[Event "Mogliano Veneto op-C 34th"]
[Site "Mogliano Veneto"]
[Date "2013.04.28"]
[Round "6"]
[White "Pomponio, Stefano"]
[Black "Rocelli, Bruno"]
[Result "0-1"]
[WhiteElo "1510"]
[BlackElo "1422"]
[PlyCount "65"]
[EventDate "2013.04.25"]
[EventType "swiss"]
[EventRounds "6"]
[EventCountry "ITA"]
[SourceTitle "EXT 2024"]
[Source "ChessBase"]
[SourceDate "2023.10.10"]
[SourceVersion "1"]
[SourceVersionDate "2023.10.10"]
[SourceQuality "1"]

1. e4 c5 2. Nf3 Nc6 3. c3 a6 4. Bc4 e5 5. d3 h6 6. Be3 d6 7. d4 cxd4 8. cxd4 Bg4 9. 0-0 Nf6 10. Nbd2 exd4 11. Bf4 Be7 12. h3 Bh5 13. g4 Bg6 14. Re1 Qb6 15. Bb3 0-0 16. Nc4 Qd8 17. e5 dxe5 18. Ncxe5 Nxe5 19. Nxe5 Kh7 20. Nxg6 fxg6 21. Re6 Bc5 22. Qd3 Qd7 23. Rae1 Rae8 24. Qc4 Rxe6 25. Rxe6 Rc8 26. Qd3 Re8 27. Rxe8 Qxe8 28. Bc2 Nd5 29. Bd2 b5 30. f4 Ne3 31. Qe2 Qe7 32. Kh2 Nxc2 33. Qd3 0-1

[Event "Mogliano Veneto op-C 34th"]
[Site "Mogliano Veneto"]
[Date "2013.04.27"]
[Round "4"]
[White "Pomponio, Stefano"]
[Black "De Col, Daniele"]
[Result "1-0"]
[WhiteElo "1510"]
[BlackElo "1418"]
[PlyCount "29"]
[EventDate "2013.04.25"]
[EventType "swiss"]
[EventRounds "6"]
[EventCountry "ITA"]
[SourceTitle "EXT 2024"]
[Source "ChessBase"]
[SourceDate "2023.10.10"]
[SourceVersion "1"]
[SourceVersionDate "2023.10.10"]
[SourceQuality "1"]

1. Nf3 c5 2. e4 d6 3. Bc4 e5 4. c3 Nc6 5. d3 h6 6. Be3 Bg4 7. h3 Bh5 8. Nbd2 Be7 9. a3 a5 10. Nf1 Qd7 11. Ng3 Bxf3 12. Qxf3 Nf6 13. Nf5 0-0 14. Qg3 Nh5 15. Qg4 1-0

[Event "Venice Region 73rd"]
[Site "Venice Campalto"]
[Date "2013.01.26"]
[Round "2.3"]
[White "Pomponio, Stefano"]
[Black "Ballarin, Pietro"]
[Result "0-1"]
[WhiteElo "1517"]
[BlackElo "1685"]
[PlyCount "84"]
[EventDate "2013.01.25"]
[EventType "swiss"]
[EventRounds "5"]
[EventCountry "ITA"]
[SourceTitle "EXT 2023"]
[Source "ChessBase"]
[SourceDate "2022.10.05"]
[SourceVersion "1"]
[SourceVersionDate "2022.10.05"]
[SourceQuality "1"]

1. e4 e5 2. Nf3 Nc6 3. d4 exd4 4. Nxd4 Bc5 5. Be3 Qf6 6. c3 Nge7 7. Be2 d5 8. Nxc6 Bxe3 9. fxe3 bxc6 10. exd5 Qh4+ 11. g3 Qe4 12. Rf1 Nxd5 13. Nd2 Qxe3 14. Qc2 0-0 15. 0-0-0 Qxe2 16. Qa4 Qb5 17. Qd4 Qb6 18. Nc4 Qxd4 19. Rxd4 Ba6 20. b3 Bxc4 21. bxc4 Nf6 22. Re1 Rfe8 23. Red1 h6 24. R1d2 Rab8 25. h3 Re3 26. R2d3 Rxd3 27. Rxd3 a5 28. Re3 Kf8 29. Kc2 a4 30. Re5 a3 31. Rc5 Rb6 32. Ra5 Rb2+ 33. Kc1 Rxa2 34. Kb1 Rg2 35. Rxa3 Rxg3 36. Kb2 Ne4 37. Ra7 Rxc3 38. Rxc7 Rxc4 39. Kb3 Rc1 40. Rc8+ Ke7 41. Rc7+ Kd6 42. Kb2 Rc5 0-1

[Event "Noale Szabados Memorial-B 5th"]
[Site "Noale"]
[Date "2012.02.05"]
[Round "4"]
[White "Serradura, Gianluca"]
[Black "Pomponio, Stefano"]
[Result "0-1"]
[WhiteElo "1544"]
[BlackElo "1505"]
[PlyCount "100"]
[EventDate "2012.02.03"]
[EventType "swiss"]
[EventRounds "5"]
[EventCountry "ITA"]
[SourceTitle "EXT 2022"]
[Source "ChessBase"]
[SourceDate "2021.10.06"]
[SourceVersion "1"]
[SourceVersionDate "2021.10.06"]
[SourceQuality "1"]

1. Nf3 Nf6 2. b3 e6 3. Bb2 Be7 4. e3 0-0 5. Be2 b6 6. d3 Bb7 7. Nbd2 d5 8. Ne5 Nbd7 9. f4 Nxe5 10. fxe5 Nd7 11. Nf3 f6 12. d4 c5 13. Qd2 fxe5 14. Nxe5 Nxe5 15. dxe5 Rf7 16. h4 Bxh4+ 17. Kd1 Rf2 18. Qd3 Rxg2 19. Bf3 Rg3 20. Ke2 Qg5 21. Rh2 Qe7 22. Rah1 g5 23. Bc3 Rf8 24. Rf1 d4 25. Be1 Bxf3+ 26. Rxf3 Rgxf3 27. Bxh4 Rxe3+ 28. Qxe3 dxe3 29. Bg3 Rf5 30. Kxe3 Qf7 31. Kd2 Rf3 32. Be1 Qf4+ 33. Ke2 Qxh2+ 34. Kxf3 Qxc2 35. Bf2 Qxa2 36. Bg3 Qxb3+ 37. Kg4 h5+ 38. Kxg5 Qxg3+ 39. Kf6 Qg4 40. Ke7 c4 41. Kd6 c3 42. Ke7 c2 43. Kd7 Qg7+ 44. Kc6 c1Q+ 45. Kb5 Qd7+ 46. Kb4 Qd4+ 47. Kb5 Qb1+ 48. Ka6 Qba1+ 49. Kb7 Qd7+ 50. Ka8 Qc8# 0-1

[Event "Noale Szabados Memorial-B 5th"]
[Site "Noale"]
[Date "2012.02.04"]
[Round "2"]
[White "Alfier, Cecilia"]
[Black "Pomponio, Stefano"]
[Result "1-0"]
[WhiteElo "1654"]
[BlackElo "1505"]
[PlyCount "95"]
[EventDate "2012.02.03"]
[EventType "swiss"]
[EventRounds "5"]
[EventCountry "ITA"]
[SourceTitle "EXT 2022"]
[Source "ChessBase"]
[SourceDate "2021.10.06"]
[SourceVersion "1"]
[SourceVersionDate "2021.10.06"]
[SourceQuality "1"]

1. e4 g6 2. d4 Bg7 3. Nf3 d6 4. Nc3 Nd7 5. Bc4 Ngf6 6. 0-0 0-0 7. h3 Nb6 8. Bb3 Bd7 9. e5 Ne8 10. Bf4 e6 11. d5 exd5 12. Bg5 Qc8 13. Be7 c6 14. exd6 Nf6 15. Bxf8 Bxf8 16. Ne5 Be6 17. d7 Nbxd7 18. Nxd7 Qxd7 19. Ne2 Bd6 20. Qd2 Bxh3 21. gxh3 Qxh3 22. Nf4 Qg4+ 23. Ng2 Qh3 24. Nf4 Qf3 25. Qe3 Qxf4 26. Qxf4 Bxf4 27. c3 Re8 28. Rfe1 Re6 29. Kg2 Ne4 30. Rad1 g5 31. c4 dxc4 32. Bxc4 Re5 33. f3 Ng3 34. Rxe5 Bxe5 35. Rd7 Nf5 36. Bxf7+ Kf8 37. Bb3 Nh4+ 38. Kh3 h6 39. Rxb7 Nxf3 40. Rf7+ Ke8 41. Rxf3 Bxb2 42. Re3+ Kd8 43. Re6 Bc1 44. Kg4 Kc7 45. Rxh6 Kb6 46. Bd5 a5 47. Rxc6+ Kb5 48. Rxc1 1-0

[Event "Mogliano Veneto op-C 32nd"]
[Site "Mogliano Veneto"]
[Date "2011.04.30"]
[Round "3"]
[White "Pomponio, Stefano"]
[Black "Hagiu, Stefano"]
[Result "1-0"]
[WhiteElo "1514"]
[BlackElo "1404"]
[PlyCount "80"]
[EventDate "2011.04.29"]
[EventType "swiss"]
[EventRounds "5"]
[EventCountry "ITA"]
[SourceTitle "EXT 2024"]
[Source "ChessBase"]
[SourceDate "2023.10.10"]
[SourceVersion "1"]
[SourceVersionDate "2023.10.10"]
[SourceQuality "1"]

1. e4 e5 2. Nf3 Nc6 3. Bb5 Nge7 4. 0-0 g6 5. d3 Bg7 6. d4 0-0 7. d5 a6 8. Ba4 Na5 9. Qd3 b5 10. Bb3 Nxb3 11. axb3 c6 12. d6 c5 13. dxe7 Qxe7 14. c4 b4 15. Be3 d6 16. Rd1 Rd8 17. Bg5 Bf6 18. Qe3 Bxg5 19. Qxg5 Qxg5 20. Nxg5 Bg4 21. Rd3 Be2 22. Rd2 Bg4 23. f3 Be6 24. Nxe6 fxe6 25. Rd3 a5 26. Nd2 h5 27. Nf1 h4 28. Rad1 Ra6 29. Ne3 Kf7 30. Ng4 g5 31. Nxe5+ Ke7 32. Ng4 e5 33. g3 h3 34. Nf2 Rh8 35. g4 Ke6 36. Nh1 Ke7 37. Ng3 Ke6 38. Nf5 Kd7 39. Nxd6 Kc7 40. Nf7 Rf8 1-0

[Event "Venice Province-ch 71st"]
[Site "Venice Mestre"]
[Date "2011.01.15"]
[Round "2"]
[White "Loris, Stefano"]
[Black "Pomponio, Stefano"]
[Result "1-0"]
[WhiteElo "1694"]
[BlackElo "1525"]
[PlyCount "107"]
[EventDate "2011.01.14"]
[EventType "swiss"]
[EventRounds "5"]
[EventCountry "ITA"]
[SourceTitle "EXT 2022"]
[Source "ChessBase"]
[SourceDate "2021.10.06"]
[SourceVersion "1"]
[SourceVersionDate "2021.10.06"]
[SourceQuality "1"]

1. d4 g6 2. c4 Bg7 3. Nc3 d6 4. e3 Nf6 5. Bd3 0-0 6. Nge2 Nbd7 7. 0-0 e5 8. Re1 Re8 9. Ng3 b6 10. a4 Bb7 11. d5 Nc5 12. Bc2 a5 13. e4 Qd7 14. Be3 Ng4 15. Bxc5 bxc5 16. h3 Nh6 17. Bd3 c6 18. Qc2 cxd5 19. cxd5 Re7 20. Rac1 Ba6 21. Bb5 Bxb5 22. Nxb5 Rf8 23. Nf1 f5 24. Nd2 f4 25. f3 g5 26. Nc4 Nf7 27. Nxa5 h5 28. Nc6 Ree8 29. Qe2 Nd8 30. Red1 Nxc6 31. dxc6 Qxc6 32. Rxd6 Qc8 33. Qc4+ Kh8 34. Rcd1 Rd8 35. R1d5 Rxd6 36. Nxd6 Qd7 37. b3 g4 38. hxg4 hxg4 39. Nf5 Qf7 40. fxg4 Rg8 41. Rxc5 Qa7 42. Kh2 Bf8 43. Rc6 Qh7+ 44. Kg1 Rxg4 45. Qe6 Rg6 46. Qxg6 Bc5+ 47. Kf1 Qh1+ 48. Ke2 f3+ 49. Kxf3 Qf1+ 50. Kg4 Qf4+ 51. Kh5 Qh2+ 52. Kg5 Qf4+ 53. Kf6 Be7+ 54. Kxe7 1-0

[Event "Venice Province-ch 69th"]
[Site "Venice Mestre"]
[Date "2009.02.01"]
[Round "5"]
[White "Pomponio, Stefano"]
[Black "Pasqualetto, Lorenzo"]
[Result "0-1"]
[WhiteElo "1365"]
[BlackElo "1440"]
[PlyCount "96"]
[EventDate "2009.01.30"]
[EventType "swiss"]
[EventRounds "5"]
[EventCountry "ITA"]
[SourceTitle "EXT 2022"]
[Source "ChessBase"]
[SourceDate "2021.10.06"]
[SourceVersion "1"]
[SourceVersionDate "2021.10.06"]
[SourceQuality "1"]

1. g3 d5 2. Bg2 e5 3. d3 Nf6 4. Nf3 Bd6 5. 0-0 Nbd7 6. Nbd2 c5 7. Re1 0-0 8. e4 dxe4 9. dxe4 b6 10. Nc4 Bc7 11. Bg5 Qe7 12. Bxf6 Nxf6 13. Nh4 Rd8 14. Qe2 b5 15. Ne3 a6 16. Nef5 Qe8 17. Rad1 Bb7 18. g4 Rxd1 19. Rxd1 Rd8 20. Rxd8 Qxd8 21. g5 Ne8 22. Nf3 Nd6 23. Nxd6 Qxd6 24. h4 c4 25. Nh2 Bb6 26. Ng4 Qe6 27. Bh3 Qc6 28. Nxe5 Qxe4 29. Qxe4 Bxe4 30. c3 Bc7 31. f4 f6 32. Be6+ Kf8 33. gxf6 gxf6 34. Nd7+ Ke7 35. f5 Bg3 36. h5 Bf3 37. Nc5 a5 38. a4 b4 39. cxb4 axb4 40. Bxc4 Bxh5 41. a5 Bd6 42. Nb7 Bc7 43. a6 Bf3 44. Kf2 Bc6 45. Nc5 Bb6 46. Kg3 Bxc5 47. Kh4 Be4 48. Be6 Be3 0-1

[Event "Venice Province-ch 69th"]
[Site "Venice Mestre"]
[Date "2009.01.31"]
[Round "3"]
[White "Niespoli, Carlo"]
[Black "Pomponio, Stefano"]
[Result "1-0"]
[WhiteElo "1600"]
[BlackElo "1365"]
[PlyCount "69"]
[EventDate "2009.01.30"]
[EventType "swiss"]
[EventRounds "5"]
[EventCountry "ITA"]
[SourceTitle "EXT 2022"]
[Source "ChessBase"]
[SourceDate "2021.10.06"]
[SourceVersion "1"]
[SourceVersionDate "2021.10.06"]
[SourceQuality "1"]

1. e4 d5 2. exd5 Qxd5 3. Nf3 Bg4 4. Nc3 Qa5 5. d4 c6 6. Be2 Nd7 7. 0-0 e6 8. Bd2 Qc7 9. Ne5 Nxe5 10. dxe5 Bf5 11. Nb5 Qxe5 12. Bc3 Qb8 13. Kh1 a6 14. Nd4 Be4 15. f4 Bd6 16. Nxe6 f6 17. Nxg7+ Kf7 18. Nh5 Qc7 19. Bc4+ Ke7 20. Qe2 Kd7 21. Qxe4 Re8 22. Qf5+ Kd8 23. Bxf6+ Nxf6 24. Qxf6+ Re7 25. Qxh8+ Re8 26. Qf6+ Be7 27. Rad1+ Kc8 28. Qe6+ Kb8 29. Rd7 Qb6 30. Rxe7 Rd8 31. Re8 Rxe8 32. Qxe8+ Ka7 33. Qe5 Qd8 34. Qe3+ b6 35. Re1 1-0